00000000nam##2200000za#4500
0019.662938
003CaOODSP
00520210615120816
007ta
008150407|2001||||xxc|||||     f|0| 0 fre|d
020 |a0-660-61641-6
040 |aCaOODSP|bfre
041 |aeng
041 |afre
043 |an-cn---
0861 |aCW66-203/2001
1102 |aService canadien de la faune.
24510|aGuide d'identification CITES - esturgeons et spatules
260 |aOttawa - Ontario : |bEnvironnement Canada. |c2001.
300 |a151p. En pagination multiple. ; |c28 cm.
500 |aDonnées de catalogage avant publication (Canada) imprimées dans cette publication.
546 |aTexte en français, anglais et espagnol
563 |aReliure à spirale
590 |a01-41|b2001-10-12
7760#|tCITES identification guide - sturgeons and paddlefish |w(CaOODSP)9.675335
791 |tCITES identification guide -- sturgeons and paddlefish |eeng|w(CaOODSP)9.662937